000 01025cam a2200205 a 4500
999 _c3961
_d3961
020 _a0471249327 (hardcover : alk. paper)
022 _a9780471249320
050 0 0 _aBF121
_b.H78
100 1 _aHuffman, Karen.
245 1 0 _aPsychology in action /
_cKaren Huffman, Mark Vernoy, Judith Vernoy.
250 _a5th ed.
260 _aNew York :
_bWiley,
_cc2000.
300 _a1 v. (various pagings) :
_bcol. ill. ;
_c30 cm.
500 _aIncludes bibliographical references and index
505 _aIntroducing Psychology -- The Biological Bases of Behavior -- Sensation and Perception -- Consciousness -- Learning -- Memory -- Thinking, Language, and Intelligence -- Life Span Development I -- Life Span Development II -- Gender and Human Sexuality -- Motivation and Emotion -- Health Psychology -- Personality -- Psychological Disorders -- Therapy -- Social Psychology -- Industrial/Organizational Psychology.
650 0 _aPsychology
700 1 _aVernoy, Mark W.
700 1 _aVernoy, Judith.
942 _cBK